00636nas a2200265 4500000000100000008004100001260001700042653002300059653002900082653001400111653002100125653003200146653001100178653001200189653001800201653000900219653001300228653001300241653001600254100001700270245005200287300001000339490000700349022001400356 1971 d c1971 Apr-Jun10aC-Reactive Protein10aClinical Trials as Topic10aCortisone10aErythema Nodosum10aEvaluation Studies as Topic10aHumans10aleprosy10aLymphadenitis10aMale10aNeuritis10aOrchitis10aThalidomide1 aLanguillon J00aThe effects of thalidomide on leprosy reaction. a590-20 v39 a0148-916X